Puntos de partida: taller de redacción

Na minha lista:
Detalhes bibliográficos
Main Authors: García-Arroyo, Matilde (Author), García del Toro, Antonio (Author), Roig, Dinah Kortright (Author), Quintana, Hilda E (Author), Villamil, Olga Irene S (Author)
Formato: Livro
Idioma:espanhol
inglês
Publicado em: San Juan Plaza Mayor 2001
Edição:3a. ed
Assuntos:
Tags: Adicionar Tag
Sem tags, seja o primeiro a adicionar uma tag!

MARC

LEADER 00000nam a2200000 a 4500
001 UCJ1989
003 CL-VaPUC
008 061124e20010000PR |||||||||||||||||spa|d
020 |a 1563280663 
041 0 7 |a spa  |2 CL-VaPUC 
041 0 7 |a eng  |2 CL-VaPUC 
082 0 4 |a 808.066  |b GAR  |2 21 
100 0 |a García-Arroyo, Matilde  |e author  |9 502834 
700 |a García del Toro, Antonio  |e author  |9 589920 
700 0 |a Roig, Dinah Kortright  |e author  |9 502836 
700 0 |a Quintana, Hilda E  |e author  |9 502837 
700 0 |a Villamil, Olga Irene S  |e author  |9 502838 
245 1 0 |a Puntos de partida: taller de redacción 
246 1 0 |a Points of departure: a writing workshop 
250 |a 3a. ed 
300 |a 328 p 
942 |c BK 
945 |d 20061124 00:00:00  |a cmena 
260 |a San Juan  |b Plaza Mayor  |c 2001 
650 0 |a Retórica   |9 266620 
650 0 |a Redacción de textos  |9 446760 
650 0 |a Análisis del discurso  |9 256696 
583 |a last modification  |c 20061124 00:00:00  |k Rodrigo Vera 
999 |c 318411  |d 318409 
952 |0 0  |1 0  |4 0  |6 808_066000000000000_GAR_2001  |7 0  |8 A  |9 396187  |a FDOPOS  |b FDOPOS  |d 2019-11-22  |i 4301137  |o 808.066 GAR 2001  |p 4301137  |r 2025-01-22  |w 2019-11-22  |y BK  |k MLA